| 000 | 00756nam a2200229 i 4500 | ||
|---|---|---|---|
| 001 | 102620 | ||
| 003 | ES-MaACL | ||
| 005 | 20250823085849.0 | ||
| 007 | t| | ||
| 008 | 051123s1977 pr ||||1| spa d | ||
| 020 | _a0-8477-2442-5 | ||
| 080 | _a379.85 | ||
| 100 | 1 |
_aSanta Pinter, J. J. _9103249 |
|
| 245 | 1 | 0 |
_aTuristicología _b: turismo-fenómeno social : turística-ciencia social / _cJ. J. Santa-Pinter. |
| 250 | _a1ª ed. | ||
| 260 |
_a[Río Piedras] : _bEditorial Universitaria, Universidad de Puerto Rico, _c1977. |
||
| 300 |
_aXX, 141 p. : _bil. ; _c21 cm. |
||
| 650 | 1 | 4 |
_aTurismo- _xAspectos sociales. _917667 |
| 710 | 2 |
_aUniversidad de Puerto Rico _97273 |
|
| 852 |
_aES-MaACL _jE-11135 _bR.136830 |
||
| 999 |
_c102620 _d102620 |
||